000
00316nam a22001457a 4500
008
230524b ||||| |||| 00| 0 eng d
020
_a
9782070373581
041
_a
FRA
080
_a
82
082
_a
82MOD
100
_a
38
101
_a
GJL
245
_a
RUE DES BOUTIQUES OBSCURES
_c
MODIANO.P
942
_2
udc
_c
BK
999
_c
59802
_d
59802